[Event "Verona Primavera op-B 3rd"]
[Site "Verona"]
[Date "2023.05.13"]
[Round "2"]
[White "Fracasso Pezzolato, Michele"]
[Black "Eandi, Arnaldo"]
[Result "1-0"]
[WhiteElo "1740"]
[BlackElo "1526"]
[PlyCount "61"]
[EventDate "2023.05.12"]
[EventType "swiss"]
[EventRounds "5"]
[EventCountry "ITA"]
[SourceTitle "EXT 2025"]
[Source "ChessBase"]
[SourceDate "2024.10.14"]
[SourceVersion "1"]
[SourceVersionDate "2024.10.14"]
[SourceQuality "1"]

1. e4 c5 2. Nf3 d6 3. d4 cxd4 4. Nxd4 Nf6 5. Nc3 a6 6. Bg5 Nbd7 7. Be2 e6 8. 0-0 Be7 9. Kh1 h6 10. Be3 0-0 11. a4 d5 12. exd5 exd5 13. Nf5 Ne5 14. Nxe7+ Qxe7 15. Nxd5 Nxd5 16. Qxd5 Rd8 17. Qe4 f5 18. Qf4 g5 19. Qg3 f4 20. Bxf4 Ng6 21. Bc4+ Be6 22. Bxe6+ Qxe6 23. Rae1 Qc4 24. Be5 Qxc2 25. f4 Rd3 26. Qg4 Qc4 27. Qf5 Kh7 28. Bc3 Re3 29. fxg5 Rxe1 30. Rxe1 Qc7 31. Rd1 1-0

[Event "Martigny op 23rd"]
[Site "Martigny"]
[Date "2014.07.28"]
[Round "7"]
[White "Eandi, Arnaldo"]
[Black "Moret, Jean Paul"]
[Result "0-1"]
[WhiteElo "1710"]
[BlackElo "2015"]
[PlyCount "60"]
[EventDate "2014.07.25"]
[EventType "swiss"]
[EventRounds "7"]
[EventCountry "SUI"]
[SourceTitle "CBM 161 Extra"]
[Source "ChessBase"]
[SourceDate "2014.08.29"]
[SourceVersion "1"]
[SourceVersionDate "2014.08.29"]
[SourceQuality "1"]

1. e4 e6 2. d3 d5 3. Nd2 Nf6 4. g3 c5 5. Bg2 Nc6 6. Ngf3 Qc7 7. 0-0 b6 8. Re1 Bb7 9. Nf1 0-0-0 10. Bf4 e5 11. Nxe5 Nxe5 12. exd5 Bd6 13. c4 Ng6 14. Bxd6 Qxd6 15. a3 Rhe8 16. Qa4 Kb8 17. b4 Rxe1 18. Rxe1 Nd7 19. Nd2 f5 20. Re6 Qc7 21. Nf3 Ngf8 22. Re1 h6 23. Qb3 Rc8 24. d4 Ka8 25. dxc5 bxc5 26. b5 Nf6 27. Ne5 Re8 28. Qc3 Ne4 29. Bxe4 Qxe5 30. Bxf5 Qxe1+ 0-1